Biggest Cities in Central Asia on a Map - Statistics

General Stats
  • This quiz has been taken 2,324 times
    1,513 since last reset
  • The average score is 17 of 70
Answers on the Map
Answers color-coded by a green-red scale on the quiz's map according to % correct below.
 
Answer Stats
Answer Population % Correct
Kazakhstan Astana 1,354,507
97%
Uzbekistan Tashkent 2,956,384
95%
Kyrgyzstan Bishkek 1,103,562
92%
Kazakhstan Almaty 2,161,797
91%
Turkmenistan Ashgabat 1,030,063
90%
Tajikistan Dushanbe 1,201,800
88%
Uzbekistan Samarkand 572,835
68%
Kyrgyzstan Osh 315,881
51%
Kazakhstan Shymkent 1,192,120
49%
Uzbekistan Bukhara 266,600
41%
Turkmenistan Mary 167,027
37%
Kazakhstan Aktobe 559,911
35%
Kazakhstan Karaganda 515,632
35%
Kazakhstan Aktau 263,893
31%
Kazakhstan Atyrau 316,468
31%
Turkmenistan Turkmenabat 230,861
31%
Turkmenistan Turkmenbasy 91,745
31%
Uzbekistan Fergana 314,449
29%
Uzbekistan Nukus 334,557
26%
Uzbekistan Namangan 678,154
25%
Kazakhstan Pavlodar 334,096
25%
Uzbekistan Khiva 96,974
24%
Kazakhstan Oral 253,773
24%
Kazakhstan Petropavl 222,076
24%
Kazakhstan Kyzylorda 278,638
22%
Kazakhstan Semey 308,143
22%
Uzbekistan Andijan 468,055
21%
Kyrgyzstan Jalal-Abad 117,533
21%
Tajikistan Khujand 198,700
21%
Kazakhstan Oskemen 352,894
20%
Kazakhstan Turkistan 220,159
20%
Kazakhstan Taraz 427,356
19%
Kazakhstan Kostanay 264,466
18%
Turkmenistan Balkanabat 123,190
17%
Turkmenistan Dashoguz 201,142
17%
Uzbekistan Urgench 149,942
17%
Kyrgyzstan Karakol 77,241
16%
Uzbekistan Kokand 303,620
16%
Kazakhstan Balkhash 73,730
14%
Uzbekistan Navoi 155,985
14%
Uzbekistan Jizzakh 191,620
13%
Uzbekistan Qarshi 288,887
13%
Uzbekistan Termez 195,655
12%
Kazakhstan Kokshetau 174,614
11%
Tajikistan Kulob 105,800
11%
Kyrgyzstan Tokmok 73,433
10%
Tajikistan Bokhtar 126,700
9%
Kazakhstan Ekibastuz 129,000
9%
Tajikistan Istaravshan 64,300
9%
Kazakhstan Taldykorgan 168,686
9%
Kazakhstan Temirtau 171,893
9%
Kazakhstan Zhezqazghan 89,092
9%
Uzbekistan Margilan 246,650
8%
Kazakhstan Rudny 112,078
8%
Kazakhstan Zhanaozen 74,360
8%
Uzbekistan Almalyk 141,894
7%
Uzbekistan Angren 178,517
7%
Uzbekistan Chirchik 168,032
6%
Kazakhstan Kentau 74,474
6%
Kazakhstan Kulsary 65,963
6%
Turkmenistan Serdar 48,552
6%
Uzbekistan Shahrisabz 144,773
6%
Turkmenistan Tejen 67,488
6%
Turkmenistan Bayramaly 70,376
5%
Kazakhstan Kaskelen 82,393
5%
Turkmenistan Magdanly 44,508
5%
Kazakhstan Satpayev 68,395
5%
Uzbekistan Bekobod 102,012
4%
Kazakhstan Saryagash 61,485
4%
Kazakhstan Talgar 64,895
4%
No matching quizzes found
Score Distribution
Percent of People with Each Score
Percentile by Number Answered
Your Score History
You have not taken this quiz since the last reset